Ročenka výskumu a vývoja v Slovenskej republike 2003

Salvato in:
Dettagli Bibliografici
Natura: Libro
Lingua:slovacco
inglese
Pubblicazione: Bratislava Štatistický úrad Slovenskej republiky 2004
Soggetti:
Tags: Aggiungi Tag
Nessun Tag, puoi essere il primo ad aggiungerne!!

MARC

LEADER 00000nam$a2200000$$$4500
001 0025277
005 20240104112144.1
041 0 |a slo 
041 0 |a eng 
044 |a SK 
245 1 0 |a Ročenka výskumu a vývoja v Slovenskej republike 2003 
264 1 |a Bratislava  |b Štatistický úrad Slovenskej republiky  |c 2004 
300 |a 95 s. 
610 2 0 |a výskum 
610 2 0 |a licencie 
610 2 0 |a výrobky 
610 2 0 |a certifikácia 
610 2 0 |a riadenie kvality 
610 2 0 |a zdroje ľudské 
610 2 0 |a veda 
610 2 0 |a technika 
610 2 0 |a metodika 
610 2 0 |a sily pracovné 
610 2 0 |a zisťovanie výberové 
610 2 0 |a pracovisko 
610 2 0 |a zamestnanci 
610 2 0 |a výdavky 
610 2 0 |a regióny 
610 2 0 |a Slovensko